Shrimp culture in kompot district of kompot province, ការចិញ្ចឹុមបង្គាក្នុងស្រុកកំពត ខេត្តកំពត, (Record no. 3657)
[ view plain ]
| 000 -LEADER | |
|---|---|
| fixed length control field | 00563nam a22001577a 4500 |
| 003 - CONTROL NUMBER IDENTIFIER | |
| control field | OSt |
| 005 - DATE AND TIME OF LATEST TRANSACTION | |
| control field | 20151119140922.0 |
| 008 - FIXED-LENGTH DATA ELEMENTS--GENERAL INFORMATION | |
| fixed length control field | 151119b xxu||||| |||| 00| 0 eng d |
| 040 ## - CATALOGING SOURCE | |
| Transcribing agency | RUA |
| 082 ## - DEWEY DECIMAL CLASSIFICATION NUMBER | |
| Classification number | FIS ជុន 1995 B160 Or.1 |
| 100 ## - MAIN ENTRY--PERSONAL NAME | |
| 9 (RLIN) | 3931 |
| Personal name | ជុន សូផាត |
| 245 ## - TITLE STATEMENT | |
| Title | Shrimp culture in kompot district of kompot province, ការចិញ្ចឹុមបង្គាក្នុងស្រុកកំពត ខេត្តកំពត, |
| 260 ## - PUBLICATION, DISTRIBUTION, ETC. (IMPRINT) | |
| Place of publication, distribution, etc. | Phnom Penh |
| Name of publisher, distributor, etc. | RUA |
| Date of publication, distribution, etc. | 1995 |
| 300 ## - PHYSICAL DESCRIPTION | |
| Extent | 96p. |
| Other physical details | ill. |
| Dimensions | 29cm. |
| 942 ## - ADDED ENTRY ELEMENTS (KOHA) | |
| Source of classification or shelving scheme | |
| Koha item type | FIS |
| Price effective from | Date last seen | Permanent Location | Not for loan | Date acquired | Source of classification or shelving scheme | Koha item type | Lost status | Withdrawn status | Date last checked out | Total Checkouts | Shelving location | Damaged status | Barcode | Current Location | Full call number |
|---|---|---|---|---|---|---|---|---|---|---|---|---|---|---|---|
| 2015-11-19 | 2015-11-19 | Library Block B | 2015-11-19 | FIS | B160 | RUA010236 | Library Block B | FIS ជុន 1995 B160 Or.1 | |||||||
| 2015-11-19 | 2018-02-19 | Library Block B | 2015-11-19 | FIS | 2018-01-24 | 1 | B160 | RUA011415 | Library Block B | FIS ជុន 1995 B160 Or.2 | |||||
| 2015-11-19 | 2015-11-19 | Library Block B | 2015-11-19 | FIS | B160 | RUA011538 | Library Block B | FIS ជុន 1995 B160 Or.3 | |||||||
| 2015-11-19 | 2015-11-19 | Library Block B | 2015-11-19 | FIS | B160 | RUA011931 | Library Block B | FIS ជុន 1995 B160 Or.4 | |||||||
| 2015-11-19 | 2015-11-19 | Library Block B | 2015-11-19 | FIS | B160 | RUA011421 | Library Block B | FIS ជុន 1995 B160 Or.5 | |||||||
| 2015-11-19 | 2015-11-19 | Library Block B | 2015-11-19 | FIS | B160 | RUA011193 | Library Block B | FIS ជុន 1995 B160 Or.6 | |||||||
| 2015-11-19 | 2015-11-19 | Library Block B | 2015-11-19 | FIS | B160 | RUA011930 | Library Block B | FIS ជុន 1995 B160 Or.7 | |||||||
| 2015-11-19 | 2015-11-19 | Library Block B | 2015-11-19 | FIS | B160 | RUA010366 | Library Block B | FIS ជុន 1995 B160 Or.8 | |||||||
| 2016-02-04 | 2016-02-04 | Library Block B | 2016-02-04 | FIS | RUA011707 | Library Block B | FIS ជុន 1995 B160 Or.9 |